000 01476nam a2200205Ia 4500
001 b6805-48835
003 IT-MiCISF
008 161014s9999||||xx |||||||||||||| ||und||
040 _aIT-MiCISF
_cIT-MiCISF
041 _ait
100 _aSchore Allan N.
245 0 _aI disturbi del sé
_bLa disregolazione degli affetti
250 _a1a ed.
260 _a Roma
_bAstrolabio
_c2010
300 _app. 477
500 _a / infanzia, periodo-neonatale, rapporti-madre-figli, teoria, stress, salute-mentale, abuso-di-minore / In questo libro, la cui prima parte né dedicata alle neuroscienze dello sviluppo affettivo, l'A. illustra con dovizia di dati l'impatto positivo che hanno le prime comunicazioni affettive sull'organizzazione di un sistema di controllo nell'emisfero destro del cervello in formazione del bambino. Nella seconda parte, incentrata sulla neuropsichiatria dello sviluppo, l'A. esamina l'incidenza negativa che i traumi relazionali della prima infanzia possono avere sul percorso di sviluppo del cervello destro, generando predisposizioni a psicopatologie e disturbi di personalità. Il modello che emerge dal lavoro di Schore suggerisce con forza la preponderanza dell'emisfero destro del cervello, non verbale, nelle funzioni adattive fondamentali dell'essere umano, e il peso che può avere un suo inadeguato sviluppo nella formazione delle psicopatologie.
650 _a Infanzia / età-evolutiva
_e008
942 _cBK
957 _71
999 _a48835
_bsi
_g1
_c210202
_d210202